Bytový dom

Saved in:
Bibliographic Details
Main Author: Baláž, Attila (Author)
Other Authors: Gádoši, Martin (Thesis advisor)
Format: Manuscript Book
Language:Slovak
Published: 2015
Subjects:
Online Access:http://is.stuba.sk/zp/portal_zp.pl?podrobnosti=116400
https://opac.crzp.sk/?fn=detailBiblioForm&sid=FF44C990A7CA883E4B8E51929FD7
Tags: Add Tag
No Tags, Be the first to tag this record!

MARC

LEADER 00000ntm a22000003a 4500
001 stuzp53453
003 SK-STU
005 20230721111117.3
007 ta
008 150427s2015----xo-----f-mn---000-0-slo-d
040 |a STU  |b slo 
041 0 |a slo 
100 1 |a Baláž, Attila  |u 010270  |4 aut  |U SvF Stavebná fakulta  |T SvF Katedra technológie stavieb  |X 74303  |U V270  |Y 28  |7 74303 
242 0 1 |a Bytový dom  |y eng 
245 1 0 |a Bytový dom 
260 |c 2015 
650 4 |a Projekt  |2 slo 
650 4 |a časový plán  |2 slo 
650 4 |a strecha  |2 slo 
650 4 |a project  |2 eng 
650 4 |a construction timetable  |2 eng 
650 4 |a roof  |2 eng 
700 1 |a Gádoši, Martin  |4 ths  |X 10710  |7 A000010710 
856 4 |u http://is.stuba.sk/zp/portal_zp.pl?podrobnosti=116400 
856 4 |u https://opac.crzp.sk/?fn=detailBiblioForm&sid=FF44C990A7CA883E4B8E51929FD7 
SQL |a stuzp53453  |b DBP  |c SLO  |d Bytový dom  |e 74303  |f Baláž, Attila  |g 010270  |h 10710  |i Gádoši, Martin  |j 20150622  |k 6  |l 01  |m http://is.stuba.sk/zp/portal_zp.pl?podrobnosti=116400  |n B-TMS  |o 5.2.8. stavebníctvo